| 000 | 00423nam a2200145Ia 4500 | ||
|---|---|---|---|
| 008 | 211109s9999||||xx |||||||||||||| ||und|| | ||
| 082 |
_a920 _bBUN-L |
||
| 100 | _aBunyan, John | ||
| 245 | 0 | _aLife and Death of Mr. Badman, the Holyman Text Ed. By John Brown Camle | |
| 260 |
_bNATIONAL BOOKSTALL _aKottayam _c1925 |
||
| 300 | _a431p. | ||
| 630 | _xGeneral Stack | ||
| 650 |
_aBiography _xBiography- Autobiography |
||
| 942 | _cBOOK | ||
| 999 |
_c419 _d419 |
||